| 000 | 00573nam a2200229 a 4500 | ||
|---|---|---|---|
| 001 | nice12345678 | ||
| 003 | IN_TiNIC | ||
| 005 | 20260116011521.0 | ||
| 008 | 050524s1911 newa grp 000 0 eng | ||
| 020 |
_a _c100 |
||
| 082 | 0 | 0 |
_a269.2 _bZWE |
| 100 | _aZwemer, S M | ||
| 245 |
_aIslam and Missions _b Report of Lucknow Conference. |
||
| 260 |
_aNew York _bFleming Revelle Co. _c1911 |
||
| 300 | _a298p | ||
| 500 | _aincludes index and biblioraphy | ||
| 505 | 2 | _aIndex, Illus. | |
| 650 | _aEvangelistic Work | ||
| 902 | _bSRS | ||
| 942 | _cBK | ||
| 999 |
_c2231 _d2231 |
||